000 02564cam a22004694i 4500
003 PE-LiUPU
005 20250731175629.0
008 150623s2002 mx a rb 000 0 spa d
020 _a9702603188
020 _a9789702603184
035 _a(Sirsi) i9789702603184
040 _aPE-LiUPU
_bspa
_cPE-LiUPU
_erda
049 _aPRUA
100 1 _aPineda Ramírez, María Ignacio,
_eautor.
245 1 0 _aLectura y redacción :
_bcon análisis literario /
_cMaría Ignacia Pineda Ramírez.
264 1 _aMéxico :
_bPerson Educación,
_c2002.
300 _a238 páginas :
_bilustraciones ;
_c27 centímetros
336 _atext
_2rdacontent
337 _aunmediated
_2rdamedia
338 _avolume
_2rdacarrier
504 _aIncluye bibliografía.
505 0 _aLa redacción -- La lectura -- Los pronombres y adverbios -- interrogativos -- La fábula -- La oración -- El libro -- Oración compuesta -- El párrafo -- El periódico -- La narración -- Tema y argumento -- Los personajes en una obra literaria -- Tipos de diálogos -- Los narradores -- El cuento -- Psicología del personaje literario -- Las ideas en un texto -- El espacio, el ambiente y el tiempo en un texto -- La descripción.
526 _aP145
526 _aP127
526 _aP97
526 _aP35
526 _aP14
526 _aP07
541 _g0014-013682;
541 _g019788;
650 0 4 _aComprensión de lectura.
650 0 4 _aEspañol Composición y ejercicios.
650 0 4 _aRedacción de escritos.
942 _2ddc
_cBOOK
949 _a418.4 P59
_wDEWEY
_c1
_i53072
_lCCODEBUL1
_mBUL
_p14.00
_r0
_sY
_tBOOK
_u2015-6-24
_xEDUCACION
_zUNKNOWN
_0COMPRA
_o.STAFF. Colección General
949 _a418.4 P59
_wDEWEY
_c2
_i55728
_d2016-4-21
_e2016-4-21
_lCCODEBUL1
_mBUL
_n1
_p10.00
_r0
_sY
_tBOOK
_u2015-6-24
_xFCE
_zUNKNOWN
_0COMPRA
_o.STAFF. Colección Ciencias Empresariales
994 _aC0
_bPEPRU
596 _a1 3
999 _a418.4 P59
_wDEWEY
_c34875
_i53072
_e2017-4-3
_f2019-12-11
_g4
_lDISCARD
_mBUL
_n2
_p14.00
_r1
_sY
_tBOOK
_u2015-6-24
_xUNKNOWN
_zUNKNOWN
_0COMPRA
_o.STAFF. Colección General
_d34875
999 _a418.4 P59
_wDEWEY
_c2
_i55728
_d2016-4-21
_e2016-4-21
_f2021-11-8
_g6
_lCCODEBUL1
_mBUL
_n1
_p10.00
_r0
_sY
_tBOOK
_u2015-6-24
_xEDUCACION
_zUNKNOWN
_0COMPRA
_o.STAFF. Colección Ciencias Empresariales
999 _a418.4 P59
_wDEWEY
_c1
_iFJ05451
_d2017-4-21
_e2017-4-20
_f2022-1-19
_g3
_lCCODEBUJ1
_mBUJ
_n1
_p10.00
_r0
_sY
_tBOOK
_u2017-1-17
_xEDUCACION
_PP20
_0COMPRA
_o.STAFF. Colección General Juliaca
980 _81
_gALBERTO SANCHEZ Responsable de Automatización